000 00743nam a22002537a 4500
001 BR6004357
003 BR-BrBNA
005 20230928083206.0
007 ta
008 230509b bl.||||| |||| 00| 0 por d
040 _aBR-BrBNA
_bpor
_cBiblioteca Nacional de Agricultura
041 _a(Por)
072 _aL00
_b5300
090 _ 5300 BR6004357
100 1 _aVillares, J.B.
110 1 _aSecretaria da Agricultura, Industria e Comercio do Estado de Sao Paulo, Sao Paulo (Brasil). Diretoria de Publicidade Agricola
245 1 _aO tipo de porco para a guerra
260 3 _aSao Paulo, SP (Brasil):
_c1945.
300 _a6 p.
650 _aProducao animal
650 _aSuino
909 _a202309
_bLucia
_c55
_dLucia Elande
942 _cBK
999 _c12070
_d12070